000 00650nam a22002177a 4500
003 UA-OsUOA
001 36232
007 ta
008 20060711b un ||||| |||| 00| 0 ukr d
090 _a08.23/28
_bП68
942 _cBK
040 _aUA-OsUOA
_bukr
_cUA-OsUOA
_dUA-OsUOA
245 _aПравослав'я - наука - суспільство: проблема взаємодії
_bВсеукраїнська науково-0практична конференція 24-25 квітня 2003р.
300 _a66 с.
955 _a1
041 _aukr
080 _a08.23/28
260 _aЧеркаси
_c2003
650 7 _2UDC
999 _c434764
_d434764